• 首页
  • 本馆介绍
  • 公告通知
  • 最新文献
  • 馆藏检索
  • 电子资源
  • 读者导购
  • 参考咨询
  • 我的图书馆
  • 登录
  • 详细信息显示
  • 放入我的书架
  • 预约/预借图书
  • 作者相关作品
  • 分类相关作品
  • 丛书相关作品
  • 出版社相关作品

书目信息

  • 表格格式
  • 工作单格式
  • 卡片格式
题名:
山旅书札
    
 
作者: 博德, 著 ;王知一 译
分册:  
出版信息: 北京   人民文学出版社  2016.11
页数: 227页, [8] 页图版
开本: 22cm
丛书名: 远行译丛
单 册:
中图分类: I561.64
科图分类:
主题词: 书信集--shu xin ji--英国--现代
电子资源:
ISBN: 978-7-02-011953-0
000 01255nam 2200337 450
001 CAL 003347800
005 20171211153138.29
010    @a978-7-02-011953-0@b精装@dCNY39.00
100    @a20161215d2016 em y0chiy50 ea
101 1  @achi@ceng
102    @aCN@b110000
105    @aabf z 000ey
106    @ar
200 1  @a山旅书札@Ashan lu^ shu zha@d= A lady's life in the rocky mountains@f(英) 伊莎贝拉·博德著@g王知一译@zeng
210    @a北京@c人民文学出版社@d2016.11
215    @a227页, [8] 页图版@c图, 地图@d22cm
225 2  @a远行译丛@Ayuan xing yi cong
225 2  @a99读书人@A99du shu ren
314    @a伊莎贝拉·博德 (1831-1904) , 出身于英国西部的牧师家庭, 青少年时饱受脊背病痛折磨, 依照医嘱赴美加地区旅行。
330    @a本书讲述英国旅行家伊莎贝拉·博德只身前往落基山脉旅行的经历。在十九世纪的欧洲, 连男人也少有去往美国西部的。
410  0 @12001 @a远行译丛
410  0 @12001 @a99读书人
500 10 @aLady's life in the rocky mountains@mChinese
606 0  @a书信集@Ashu xin ji@y英国@z现代
690    @aI561.64@v5
701  1 @a博德,@Abo de@b伊莎贝拉,@f1831-1904@4著
702  0 @a王知一@Awang zhi yi@4译
801  0 @aCN@b人天书店@c20161215@g
905    @aBZT@dI561.64@e13
906    @dCNY39.00@n3@r1
969    @aBKAA@bBKAA
    
    山旅书札= A lady's life in the rocky mountains/(英) 伊莎贝拉·博德著/王知一译.-北京:人民文学出版社,2016.11
    227页, [8] 页图版:图, 地图;22cm.-(远行译丛).-(99读书人)
    
    
    ISBN 978-7-02-011953-0(精装):CNY39.00
    本书讲述英国旅行家伊莎贝拉·博德只身前往落基山脉旅行的经历。在十九世纪的欧洲, 连男人也少有去往美国西部的。
●
相关链接 在五车中查询图书 在当当中查询图书 在豆瓣中查询图书


正题名:山旅书札     索取号:I561.64/13         预约/预借

序号 登录号 条形码 馆藏地/架位号 状态 备注
1 840640   2000840640   第一书库/ [索取号:I561.64/13] 在馆    
2 840641   2000840641   第一书库/ [索取号:I561.64/13] 在馆    
山东省滨州职业学院图书馆 欢迎您!
大连网信软件有限公司© 版权所有